000 01076naa a22002897a 4500
001 BR8305293
003 BR-BrBNA
005 20250721143230.0
007 ta
008 250630b bl.|||m| |||| 00| 0 por d
040 _aBR-BrBNA
_bpor
_cBiblioteca Nacional de Agricultura
041 _a(Pt)
072 _aF30
_b0430
090 _aF30 BR8305293
100 1 _aBarreiro Neto, M.
100 1 _aFreire, E.C.
100 1 _aMoreira, J. de A.N.
100 1 _aAndrade, F.P. de
245 1 _aGanhos geneticos realizados no segundo ciclo de selecao (S2)em algodoeiro moco (Gossypium hirsutum L. r. Marie Galante Hutch)
500 _aMelhoramento genetico do algodoeiro, v. 2 Campina Grande, PB (Brasil): 1983. p. 17-21 (BR8305293-AMS)
773 0 _tMelhoramento genetico do algodoeiro, v. 2
_wF30 BR8305293
_gCampina Grande, PB (Brasil), 1983. p. 17-21
650 _aALGODAO MOCO
650 _aSELECAO GENETICA
490 _aBoletim de Pesquisa - Centro Nacional de Pesquisa do Algodao (Brazil)
_vno. 4
942 _cAMS
_2AGRIS
909 _a202506
_bLúcia
_c55
_dLúcia Elande
999 _c334558
_d334558